000 00532nam a2200229Ia 4500
003 OSt
005 20220918194148.0
006 a|||||r|||| 00| 0
007 ta
008 220917b |||||||| |||| 00| 0 eng d
024 _a78,043
037 _cTextual
040 _aARTS
_cARTS
_beng
041 _2eng
_aeng
082 _aS, H2
100 _aDockeray Floyd C
_983759
245 0 _aPsychology
260 _c1942
650 _aPSYCHOLOGY
942 _hS, H2
_cTEXL
_2CC
999 _c201897
_d201897